| 000 | 00562nam a2200217Ia 4500 | ||
|---|---|---|---|
| 008 | 160803s9999 xx 000 0 und d | ||
| 020 | _a9780516253473 | ||
| 100 | _aTaylor-Butler, Christine | ||
| 245 | 2 | _aA home in the rain forest / | |
| 245 | _cby Christine Taylor-Butler. | ||
| 260 | _aNew York : | ||
| 260 | _bScholastic Inc. | ||
| 260 | _c2007 | ||
| 300 | _a24 pages : | ||
| 300 | _billustrations ; | ||
| 300 | _c21 cm. | ||
| 500 | _aIncludes index. | ||
| 650 | _aRain forest ecology -- | ||
| 650 | _xJuvenile literature. | ||
| 700 | _a590 | ||
| 999 |
_c299473 _d299473 |
||